000 00553cab a2200229 4500
001 X692
008 090401t1993 xxu||||| |||| 00| 0 eng d
035 _a(Sirsi) u67064
041 _aeng
245 _aCattle passport system
260 _c1993
350 _a0
490 _aCS Monthly : Rural Practice
_v2(8) May 1993, 3(1)
650 _aBEEF SPECIAL PREMIUM SCHEME
650 _aCAP REFORM
650 _aCATTLE PASSPORTS
650 _aCIDS
650 _aLIVESTOCK QUOTAS
690 _aRURAL PRACTICE
942 _n0
948 _c04/03/1997
999 _c41945
_d41945